000 01113nam0a22002891 4500
001 RU\INFOCOMM_317\NLR\5000031785
005 20250614081047.0
035 _a(NLR Aleph) 010626495
090 _a10620931
_c10620931
100 _a20130328d1979 |||y0rusy50 ca
101 0 _aeng
102 _aRU
105 _ay z||||
200 1 _aRelationships of leishmanias with sandflies
_eWHO Travelling seminar on leishmaniases control
_e[A report]
_fV. M. Saf'yanova
_gUSSR Min. of health. Gamaleya inst. of epidemiology a. microbiology [of the] AMS USSR
210 _aM.
_d1979 (наклейка 1980)
215 _a20 с.
_d20 см
300 _aНа наклейке: Взаимоотношение лейшманий с москитами / В. М. Сафьянова
620 _aМосква
686 _aР264.971.1-8
_2rubbk
700 1 _9z01790
_aSaf'janova
_bV. M.
_gVera Michajlovna
712 0 2 _aWorld health organisation
_4570
790 1 _9z01700
_aSaf'yanova
_bV. M.
_4070
801 1 _aRU
_bInfocomm
_c20130328
801 0 _aRU
_bINFOCOMM
_gPSBO
852 _aNLR
_jМк01 Д-4/35
942 _cBOOK
980 _aNB